000 00376nam a2200145Ia 4500
008 230711s9999||||xx |||||||||||||| ||und||
041 _aENG
082 _a4
_bRA-C
100 _aRadhakrishnan,S
245 0 _aComputer installation and trouble shooting
250 _a1st Ed.
260 _c2001
_aNew Delhi
_bISTE Learing Material
650 _aComputer Engineering
942 _cBK
999 _c4004
_d4004